Demografické, zdravotné a sociálno-ekonomické aspekty úmrtnosti 7. demografická konferencia s medzinárodnou účasťou

Gespeichert in:
Bibliographische Detailangaben
Weitere Verfasser: Žirko, Milan
Format: Buch
Sprache:Slowakisch
Tschechisch
Veröffentlicht: Bratislava Slovenská štatistická a demografická spoločnosť 1999
Schlagworte:
Tags: Tag hinzufügen
Keine Tags, Fügen Sie das erste Tag hinzu!

MARC

LEADER 00000nam a2200000 4500
001 c115930
005 20221102132540.5
020 |a 80-88946-05-0 
041 0 |a slo 
041 0 |a cze 
044 |a SK 
245 1 0 |a Demografické, zdravotné a sociálno-ekonomické aspekty úmrtnosti  |b 7. demografická konferencia s medzinárodnou účasťou  |c [Zostav. Milan Žirko] 
264 1 |a Bratislava  |b Slovenská štatistická a demografická spoločnosť  |c 1999 
300 |a 122 s. 
610 2 0 |a demografia 
610 2 0 |a demografia ekonomická 
610 2 0 |a demografia sociálna 
610 2 0 |a úmrtnosť 
610 2 0 |a zdravie 
610 2 0 |a obyvateľstvo 
610 2 0 |a Slovensko 
610 2 0 |a Česko 
610 2 0 |a muži 
610 2 0 |a ženy 
610 2 0 |a deti 
610 2 0 |a starostlivosť o prestárlych 
610 2 0 |a vek 
700 1 |a Žirko, Milan